000 01312cam a2200337 i 4500
001 21906763
005 20240709131816.0
006 m |o d |
007 cr_|||||||||||
008 210216s2021 mdu ob 001 0 eng
010 _a 2021007205
020 _a9781793642448
020 _z9781793642431
040 _aDLC
_beng
_cDLC
_erda
_dDLC
042 _apcc
043 _af------
050 0 0 _aPL 8010 .A3546 2021
245 0 0 _aAfrican women writing diaspora :
_btransnational perspectives in the twenty-first century /
_cedited by Rose A. Sackeyfio.
260 _aLanham:
_bLexington Books,
_c2021
300 _a 1 online resource (viii, 138 pages)
504 _aIncludes bibliographical references and index.
650 0 _aAfrican literature
_z21st century
_xHistory and criticism.
650 0 _aAfrican literature
_xWomen authors
_xHistory and criticism.
650 0 _aAfrican diaspora in literature.
650 0 _aWomen, Black, in literature.
650 0 _aIdentity (Philosophical concept) in literature.
700 1 _aSackeyfio, Rose A.,
_eeditor.
776 0 8 _iPrint version:
_tAfrican women writing diaspora
_dLanham : Lexington Books, [2021]
_z9781793642431
_w(DLC) 2021007204
942 _2lcc
_cBOOKS
_hPL 8010 .A3546 2021
999 _c32049
_d32049